000 00560nam a2200193 4500
050 1 4 _aYSL
001 24961
005 20230411085647.0
008 060907n1998 dr spa
020 _a096587432x
035 _9funglode25150
041 _aES
050 1 4 _aYSL
100 _aRodríguez de León, Francisco
245 1 3 _aEl furioso merengue del norte :
_buna história de la comunidad dominicana en los Estados Unidos /
_cFrancisco Rodríguez de León
260 _aNew York :
_b[s.l.],
_c1998
300 _a266 p.
942 _2lcc
_cbk
999 _c105479
_d105479